| 000 | 00432cam a2200157 4500 | ||
|---|---|---|---|
| 001 | D10239 | ||
| 008 | 090401t xxu||||| |||| 00| 0 eng d | ||
| 035 | _a(Sirsi) u94514 | ||
| 041 | _aeng | ||
| 100 | _aBlessley, Kenneth | ||
| 245 | 2 | _aA new role for local government | |
| 350 | _a0 | ||
| 520 | _aIn: RICS The Community Land Bill: practical problems for local authorities. May 1975. 1975/4 ABC | ||
| 942 | _n0 | ||
| 948 | _c04/03/1997 | ||
| 999 |
_c98066 _d98066 |
||